Ortografia : (Registro nro. 7266)

Detalles MARC
000 -LEADER
fixed length control field 01008nam a2200241 4500
001 - CONTROL NUMBER
control field 0000016806
005 - DATE AND TIME OF LATEST TRANSACTION
control field 20250329172016.0
007 - PHYSICAL DESCRIPTION FIXED FIELD--GENERAL INFORMATION
fixed length control field ta
008 - FIXED-LENGTH DATA ELEMENTS--GENERAL INFORMATION
fixed length control field 160627s1999 000 0 eng d
020 ## - INTERNATIONAL STANDARD BOOK NUMBER
International Standard Book Number 970607600X
040 ## - CATALOGING SOURCE
Original cataloging agency CO-CtgCURN
Language of cataloging spa
Transcribing agency coctgcurn
082 0# - DEWEY DECIMAL CLASSIFICATION NUMBER
Classification number R461
Item number O77
245 00 - TITLE STATEMENT
Title Ortografia :
Remainder of title reglas y ejercicios /
Statement of responsibility, etc. equipo de redacción Merce Romani Alfonso, Francisco Gallardo Díaz, Raquel Luzarraga Alonso de Ilera.
260 #1 - PUBLICATION, DISTRIBUTION, ETC.
Place of publication, distribution, etc. Mexico : :
Name of publisher, distributor, etc. Larousse,,
Date of publication, distribution, etc. 1999.
300 ## - PHYSICAL DESCRIPTION
Extent 302 p.
500 ## - GENERAL NOTE
General note Incluye indice.
505 8# - FORMATTED CONTENTS NOTE
Formatted contents note La ortografia de las letras.--La acentuacion.--Palabras agudas, llenas y esdrujulas.--Combinaciones vocalicas.--Palabras compuestas.--Formas verbales con encliticos.--Monosilabos.--Las palabras solo y aun.--Interrogativos y exclamativos.--Demostrativos
650 14 - SUBJECT ADDED ENTRY--TOPICAL TERM
Topical term or geographic name entry element Español
Form subdivision Ortografia.
700 1# - ADDED ENTRY--PERSONAL NAME
Personal name Merce Romani, Alfonso.
908 ## - PUT COMMAND PARAMETER (RLIN)
Put command parameter 160627
942 ## - ADDED ENTRY ELEMENTS (KOHA)
Koha item type Diccionarios
Classification part R461
Item part O77
Existencias
Withdrawn status Lost status Source of classification or shelving scheme Damaged status Not for loan Collection Home library Current library Shelving location Date acquired Inventory number Total checkouts Full call number Barcode Date last seen Copy number Price effective from Koha item type
    Dewey Decimal Classification     Referencia Miguel Henríquez Castañeda Miguel Henríquez Castañeda   06/22/2017 000467   R461 O77 000467 03/29/2025 ej.1 03/29/2025 Diccionarios